| 000 | 00468nam a22001817a 4500 | ||
|---|---|---|---|
| 003 | OSt | ||
| 005 | 20140310182123.0 | ||
| 008 | 130828t xxu||||| |||| 00| 0 eng d | ||
| 020 | _a9781426200915 | ||
| 050 |
_aD 20 _b.Es78 2007 |
||
| 082 |
_aHS 902 _bN19 2007 |
||
| 245 | _aEssential visual history of the world / | ||
| 260 |
_aChina : _bNational Geographic, _c2007. |
||
| 300 |
_a544 p. ; _c17 cm. |
||
| 650 |
_aWorld history _911096 |
||
| 942 | _2lcc | ||
| 999 |
_c9575 _d9575 |
||